دنیا کی کہانی / (Record no. 108463)

MARC details
000 -LEADER
fixed length control field 00809nam a22002537a 4500
005 - DATE AND TIME OF LATEST TRANSACTION
control field 20170123162340.0
010 ## - LIBRARY OF CONGRESS CONTROL NUMBER
LC control number 394120
020 ## - INTERNATIONAL STANDARD BOOK NUMBER
Terms of availability 3.50
035 ## - SYSTEM CONTROL NUMBER
System control number 394120
037 ## - SOURCE OF ACQUISITION
Source of stock number/acquisition Cen Lib/Ret
040 ## - CATALOGING SOURCE
Original cataloging agency DPL
Language of cataloging UR
082 ## - DEWEY DECIMAL CLASSIFICATION NUMBER
Classification number 900
Item number م ح م
100 ## - MAIN ENTRY--PERSONAL NAME
Personal name محمّد محبوب
9 (RLIN) 126767
245 ## - TITLE STATEMENT
Title دنیا کی کہانی /
Statement of responsibility, etc محمّد محبوب
246 ## - VARYING FORM OF TITLE
Title proper/short title Dunia ki kahani /
Remainder of title by Mohammad Mahboob
260 ## - PUBLICATION, DISTRIBUTION, ETC. (IMPRINT)
Place of publication, distribution, etc نیی دہلی
Name of publisher, distributor, etc مکتبہ جامہ لمیٹڈ
Date of publication, distribution, etc 1965
270 ## - ADDRESS
City نیی دہلی
Address جامہ نگر
Postal code 110025
300 ## - PHYSICAL DESCRIPTION
Extent 203p.
Dimensions 17cm(Hb)
650 ## - SUBJECT ADDED ENTRY--TOPICAL TERM
Topical term or geographic name as entry element تاریخ - دنیا
9 (RLIN) 509
650 ## - SUBJECT ADDED ENTRY--TOPICAL TERM
Topical term or geographic name as entry element تاریخی کہانیاں
9 (RLIN) 111697
650 ## - SUBJECT ADDED ENTRY--TOPICAL TERM
Topical term or geographic name as entry element History -- World
9 (RLIN) 41477
650 ## - SUBJECT ADDED ENTRY--TOPICAL TERM
Topical term or geographic name as entry element Historic stories
9 (RLIN) 126768
942 ## - ADDED ENTRY ELEMENTS (KOHA)
Source of classification or shelving scheme Dewey Decimal Classification
Koha item type Urdu Bks
Classification part 900
Call number suffix م ح م
Holdings
Withdrawn status Lost status Damaged status Not for loan Home library Current library Date acquired Source of acquisition Cost, normal purchase price Total Checkouts Full call number Barcode Date last seen Copy number Cost, replacement price Price effective from Koha item type
        Central Library Central Library 21/01/2016 Cen Lib/Ret 3.50   900 م ح م 394120 21/01/2016 1 3.50 21/01/2016 Urdu Bks

© Delhi Public Library
Hit Counter
free hit counter